| 000 | 00844nam a22002411p 4500 | ||
|---|---|---|---|
| 001 | 000014366 | ||
| 005 | 20200929163607.0 | ||
| 008 | 780920s19711974sp b 001 0 spa | ||
| 010 | _a75409859 | ||
| 015 | _aSp74-Dec | ||
| 020 |
_a8430905332 : _c540ptas |
||
| 040 |
_aDO-SdBNP _cDLC _dDLC |
||
| 050 | 0 | 0 |
_aJF55 _b.J5 1974 |
| 100 | 2 |
_aJimenez de Parga y Cabrera, Manuel. _932440 |
|
| 245 | 1 | 4 |
_aLos regimenes politicos contemporaneos : _bteoria general del regimen : las grandes democracias con tradicion democratica / _cManuel Jimenez de Parga. |
| 250 | _a5. ed., rev. y puesta al dia. | ||
| 260 |
_aMadrid : _bTecnos, _c1971, 1974 printing. |
||
| 300 |
_a518 p. ; _c21 cm. |
||
| 490 | 0 | _aBiblioteca universitaria | |
| 504 | _aIncludes bibliographical references and indexes. | ||
| 650 | 0 |
_aComparative government. _932441 |
|
| 910 | _aDC | ||
| 999 |
_c13958 _d13958 |
||